000 00803nam a22002297a 4500
005 20121207113113.0
008 121207t xxu||||| |||| 00| 0 eng d
010 _aENG-106277
020 _a9788184841602
_c1950.00
035 _aEN-89810
037 _bDBAD/PUB
040 _aDPL
_bEng
082 _a658.1
100 _954009
_aSeetha Ram
245 _aModern management /
_cby Ch. Seetha Ram
260 _aNew Delhi
_bRegal Publications
_c2012
270 _aF-159 Rajouri Garden
_bNew Delhi
_e110027
300 _ax,596p.
_c23cm(Hb)
500 _aIncludes bibliographical references and index
942 _2ddc
_cEN
_mSEE
_h658.1
999 _c71930
_d71930